000 00981nam a2200241Ia 4500
001 843-MUS al lo (8586)
003 IT-MiSPE
008 171229s9999||||xx |||||||||||||| ||und||
040 _aIT-MiSPE
_cIT-MiSPE
041 _aFRANCESE
100 _aAlfred de Musset
245 0 _aLorenzaccio
_bDrame
250 _a1a ed. (v)
260 _aParis
_bLarousse
_c1971
300 _a188 p.
_c17 cm
490 _aNouveaux classiques L.
501 _aEdizioni San Paolo srl - Piazza Soncino, 5 - 20092 CINISELLO BALSAMO (MI) (non commercial uses only) ® Copyright 2018
520 _aIll.
700 _aJacques Nathan
942 _cBK
957 _71
999 _a17787
_bNO
_g Copie: 1
_c353573
_d353573